Statistics for Rappers by Song

Click here to take the quiz!

General Stats

  • This quiz has been taken 904 times
  • The average score is 16 of 30

Answer Stats

Song Rapper % Correct
Black and YellowWiz Khalifa
84%
Fuck Tha PoliceN.W.A
84%
Gin and JuiceSnoop Dogg
80%
JuicyThe Notorious B.I.G.
76%
The Next EpisodeDr. Dre
76%
P.I.M.P50 Cent
70%
Ghetto Gospel2Pac
70%
No VaselineIce Cube
69%
iKendrick Lamar
67%
Ms. JacksonOutkast
66%
F**kin' ProblemsA$AP Rocky
64%
No Church In The WildJay Z
62%
Gangsta's Paradise (Feat. L.V.)Coolio
61%
Talkin' 2 MyselfEminem
59%
HomecomingKanye West
57%
G.O.M.DJ. Cole
56%
C.R.E.A.MWu-Tang Clan
55%
Acid RapChance The Rapper
53%
Boyz-N-The-HoodEazy-E
53%
Collard GreensSchoolboy Q
52%
Know YourselfDrake
49%
sweatpantsChildish Gambino
46%
Donald TrumpMac Miller
41%
The MessageNas
38%
SMUCKERSTyler, the Creator
37%
Super Rich KidsFrank Ocean
25%
OldieOdd Future
23%
WoolEarl Sweatshirt
22%
BounceLogic
14%
BitterAtmosphere
2%

Score Distribution

Percentile by Number Answered

Percent of People with Each Score

Your Score History

You have not taken this quiz